000 00353pab a2200145 454500
008 180718b1988 xxu||||| |||| 00| 0 eng d
100 _aKhusro, A.M.
245 _aQuality of Indian Growth
260 _c1988
300 _a1857-62
362 _a3 Sep.
650 _aIndia - Economic Policy
773 _aEconomic and Political Weekly
909 _a10361
999 _c10361
_d10361